Normal view
MARC view
Entry Personal Name
001 - CONTROL NUMBER
- control field: 10956
003 - CONTROL NUMBER IDENTIFIER
- control field: BD-RjUL
005 - DATE AND TIME OF LATEST TRANSACTION
- control field: 20240118152726.0
008 - FIXED-LENGTH DATA ELEMENTS
- fixed length control field: 240118|| aca||aabn | a|a d
040 ## - CATALOGING SOURCE
- Original cataloging agency: BD-RjUL
- Transcribing agency: BD-RjUL
100 ## - HEADING--PERSONAL NAME
- Personal name: Ahmed, Dilruba
670 ## - SOURCE DATA FOUND
- Source citation: Work cat.: (BD-RjUL)82688: Ahmed, Dilruba, Role of Rural Women on some Socio-Economic Activities in Bangladesh :, 1985